000 00439nam a2200145 a 4500
001 000029699
005 20200930055735.0
008 110425s19uu dr a 000 0 spa d
040 _aDO-SdBNP
_bspa
_cBNPHU
082 _axxx
_bB233m
100 1 _aBarbeau, Clayton C.
_956494
245 1 0 _aMatrimonio :
_btarea por hacer /
_cClayton C. Barbeau.
260 _aSanto Domingo :
_bRenovación conyugal,
_c[19--?].
300 _a31 p. :
_bil. ;
_c22 cm.
999 _c29191
_d29191